7 Perso - 1 Pts Commun - Harry Potter #12 - Statistiques

Statistiques générales
  • Ce quiz a été pris 460 fois
  • Le résultat moyen est 4 sur 7
Statistiques - réponses
Personnages % Correct
Drago Malefoy
98%
Vincent Crabbe
82%
Pansy Parkinson
81%
Serpentard
72%
Millicent Bullstrode
42%
Theodore Nott
22%
Daphné Greengrass
17%
Aucun quiz correspondant
Distribution des résultats
% des personnes avec chaque résultat
Percentile par nombre de réponses
Votre historique - résultats
Vous n’avez pas pris ce quiz